Los pintores de cámara de los reyes de España / (Record no. 137530)

MARC details
000 -LEADER
campo de control de longitud fija 00659nam a2200193 4500
001 - NÚMERO DE CONTROL
campo de control 137530
003 - IDENTIFICADOR DE NÚMERO DE CONTROL
campo de control ES-MaACL
005 - FECHA Y HORA DE LA ÚLTIMA TRANSACCIÓN
campo de control 20230906195406.0
007 - CAMPO FIJO DE DESCRIPCIÓN FÍSICA--INFORMACIÓN GENERAL
campo de control de longitud fija t|
008 - DATOS DE LONGITUD FIJA--INFORMACIÓN GENERAL
campo de control de longitud fija 070214s1916 sp r ||||1| spa d
100 1# - ENTRADA PRINCIPAL--NOMBRE DE PERSONA
Nombre de persona Sánchez Cantón, Francisco Javier,
Fechas asociadas al nombre 1891-1971
9 (RLIN) 102521
245 14 - MENCIÓN DEL TÍTULO
Título Los pintores de cámara de los reyes de España /
Mención de responsabilidad, etc. Francisco Javier Sánchez Cantón.
260 ## - PUBLICACIÓN, DISTRIBUCIÓN, ETC.
Lugar de publicación, distribución, etc. Madrid :
Nombre del editor, distribuidor, etc. [s.n.],
Fecha de publicación, distribución, etc. 1916 (
Fabricante Fototipia de Hauser y Menet)
300 ## - DESCRIPCIÓN FÍSICA
Extensión 186 p., 9 lám. ;
Dimensiones 27 cm.
650 #4 - PUNTO DE ACCESO ADICIONAL DE MATERIA--TÉRMINO DE MATERIA
Término de materia o nombre geográfico como elemento de entrada Pintores-
Subdivisión geográfica España-
Subdivisión general Biografías.
9 (RLIN) 149394
710 2# - ENTRADA AGREGADA--NOMBRE DE ENTIDAD CORPORATIVA
Nombre de entidad corporativa o nombre de jurisdicción como elemento de entrada Hauser y Menet (Madrid)
9 (RLIN) 4558
852 ## - LOCALIZACIÓN
Ubicación ES-MaACL
Número de control de estantería C-15357
Holdings
Estatus retirado Estado de pérdida Estado de daño No para préstamo Biblioteca de origen Biblioteca actual Ubicación en estantería Fecha de adquisición Fuente de adquisición Total de préstamos Signatura topográfica completa Código de barras Visto por última vez Precio de reemplazo Tipo de ítem Koha
        Biblioteca del Ateneo de Madrid Biblioteca del Ateneo de Madrid Ficheros 17/01/2008     C-15357 1143119 23/02/2023 23/02/2023 Libro impreso